An introduction to genetic epidemiology (Record no. 64216)

MARC details
000 -LEADER
fixed length control field 01888nam a2200265 a 4500
008 - FIXED-LENGTH DATA ELEMENTS--GENERAL INFORMATION
fixed length control field 160125s2011 ||||||||||||||||| || u
020 ## - INTERNATIONAL STANDARD BOOK NUMBER
International Standard Book Number 9781861348982
050 ## - LIBRARY OF CONGRESS CALL NUMBER
Classification number RB 155 Int
100 ## - MAIN ENTRY--PERSONAL NAME
Personal name Palmer, Lyle J
245 13 - TITLE STATEMENT
Title An introduction to genetic epidemiology
Statement of responsibility, etc. Edite By Lyle J. Palmer, Paul R. Burton and George Davey Smith
260 ## - PUBLICATION, DISTRIBUTION, ETC.
Place of publication, distribution, etc. Bristol:
Name of publisher, distributor, etc. The Policy Press
Date of publication, distribution, etc. 2011
300 ## - PHYSICAL DESCRIPTION
Extent ix, 230p.: ill.
350 ## -
-- 85.00
650 ## - SUBJECT ADDED ENTRY--TOPICAL TERM
Topical term or geographic name entry element MOLECULAR EPIDEMIOLOGY--METHODS
650 ## - SUBJECT ADDED ENTRY--TOPICAL TERM
Topical term or geographic name entry element GENETIC, MEDICAL--METHODS
650 ## - SUBJECT ADDED ENTRY--TOPICAL TERM
Topical term or geographic name entry element GENETIC EPIDEMIOLOGY
650 #0 - SUBJECT ADDED ENTRY--TOPICAL TERM
Topical term or geographic name entry element MEDICAL GENETICS
995 ## -
-- MEDICAL LIBRARY OPEN ACCESS
-- 903882
-- CBU-SCHOOL OF MEDICINE LIBRARY (Ndola)
-- 35.95
-- RB 155 Int
-- 3
-- AVAILABLE
-- Apr 26, 2017
-- 903882
-- Medical Library Open Access Collection
995 ## -
-- MEDICAL LIBRARY OPEN ACCESS
-- 903886
-- CBU-SCHOOL OF MEDICINE LIBRARY (Ndola)
-- 85.00
-- RB 155 Int
-- 7
-- AVAILABLE
-- Apr 27, 2017
-- 903886
-- Medical Library Open Access Collection
995 ## -
-- MEDICAL LIBRARY OPEN ACCESS
-- 903602
-- CBU-SCHOOL OF MEDICINE LIBRARY (Ndola)
-- 85.00
-- RB 155 Int
-- 2
-- AVAILABLE
-- Jan 27, 2016
-- 903602
-- Medical Library Open Access Collection
995 ## -
-- MEDICAL LIBRARY OPEN ACCESS
-- 903885
-- CBU-SCHOOL OF MEDICINE LIBRARY (Ndola)
-- 85.00
-- RB 155 Int
-- 6
-- AVAILABLE
-- Apr 27, 2017
-- 903885
-- Medical Library Open Access Collection
995 ## -
-- MEDICAL LIBRARY OPEN ACCESS
-- 903883
-- CBU-SCHOOL OF MEDICINE LIBRARY (Ndola)
-- 85.00
-- RB 155 Int
-- 4
-- AVAILABLE
-- Apr 27, 2017
-- 903883
-- Medical Library Open Access Collection
995 ## -
-- MEDICAL LIBRARY OPEN ACCESS
-- 903601
-- CBU-SCHOOL OF MEDICINE LIBRARY (Ndola)
-- 85.00
-- RB 155 Int
-- 1
-- AVAILABLE
-- Jan 27, 2016
-- 903601
-- Medical Library Open Access Collection
995 ## -
-- MEDICAL LIBRARY OPEN ACCESS
-- 903884
-- CBU-SCHOOL OF MEDICINE LIBRARY (Ndola)
-- 85.00
-- RB 155 Int
-- 5
-- AVAILABLE
-- Apr 27, 2017
-- 903884
-- Medical Library Open Access Collection
999 ## -
-- 64216
-- 64216

No items available.